Ciencia social y valores en Max Weber /

Resumen: Propone, a partir directamente de la obra del clásico de la sociología Max Weber (1864-1920), dilucidar con la mayor claridad posible cuáles fueron sus posiciones en punto a la relación entre la ciencia social y los valores. Con tal propósito, organiza el argumento en siete proposiciones co...

Celý popis

Uloženo v:
Podrobná bibliografie
Hlavní autor: Rovira Mas, Jorge
Médium: Neznámo
Jazyk:Spanish
Témata:
Tagy: Přidat tag
Žádné tagy, Buďte první, kdo vytvoří štítek k tomuto záznamu!

MARC

LEADER 000000000a22000000004500
001 009669
041 0 |a spa 
100 1 |a Rovira Mas, Jorge 
245 1 0 |a Ciencia social y valores en Max Weber /   |c Jorge Rovira Mas. 
310 |a semestral 
520 |a Resumen: Propone, a partir directamente de la obra del clásico de la sociología Max Weber (1864-1920), dilucidar con la mayor claridad posible cuáles fueron sus posiciones en punto a la relación entre la ciencia social y los valores. Con tal propósito, organiza el argumento en siete proposiciones con comentarios en torno a ellas. 
650 4 |a CIENCIAS SOCIALES 
650 4 |a VALORES 
650 4 |a SOCIOLOGIA 
773 0 |x 0482-52-76  |d San José, Costa Rica : Editorial de la Universidad de Costa Rica  |t Revista de Ciencias Sociales  |g número 103-104 (2004), páginas 127-142 
942 |c ARC 
999 |c 17023  |d 17023